[Event "Sherbrooke op"]
[Site "Sherbrooke CAN"]
[Date "2000.06.24"]
[Round "3"]
[White "Masse, Hugues"]
[Black "Corriveau, Philippe"]
[Result "0-1"]
[WhiteElo "1946"]
[BlackElo "1753"]
[PlyCount "116"]
[GameId "2160767911703439"]
[EventDate "2000.06.23"]
[EventType "swiss"]
[EventRounds "5"]
[EventCountry "CAN"]

1. e4 e5 2. Nc3 Nc6 3. Bc4 Bc5 4. Qg4 g6 5. Qf3 Qf6 6. Nd5 Qxf3 7. Nxf3 Bd6 8. d3 Nce7 9. Nxe7 Kxe7 10. Bg5+ f6 11. Be3 Bb4+ 12. c3 Ba5 13. d4 exd4 14. Nxd4 d6 15. O-O-O Bb6 16. h3 Bxd4 17. cxd4 Be6 18. d5 Bf7 19. Kb1 c5 20. f4 b6 21. Rhe1 Kf8 22. Bf2 Ne7 23. Bh4 g5 24. fxg5 Ng6 25. Bg3 Ne5 26. Bxe5 fxe5 27. Rf1 Kg7 28. Rf6 Bg6 29. Bd3 Rad8 30. Rdf1 Rhf8 31. Kc2 c4 32. Bxc4 Bxe4+ 33. Kd2 Bxg2 34. R1f2 Bxh3 35. Rh2 Bf5 36. Rhh6 Bg6 37. Rxf8 Rxf8 38. Rh2 Rf4 39. Bb3 Rg4 40. Rh3 Rg2+ 41. Ke1 Rxg5 42. Rc3 Rf5 43. Rc6 Rf6 44. Rc7+ Bf7 45. Rxa7 h5 46. Rc7 h4 47. Rc3 Kg6 48. a4 Rf4 49. Ke2 Kg5 50. Rd3 Bh5+ 51. Ke1 Bg4 52. Rd2 h3 53. Bc2 Kh4 54. Rf2 Kg3 55. Rf1 Rxf1+ 56. Kxf1 Bf3 57. Bd1 Bxd1 58. Kg1 Bf3 0-1

[Event "Sherbrooke op"]
[Site "Sherbrooke CAN"]
[Date "2000.06.24"]
[Round "3"]
[White "Sauve, Richard"]
[Black "Auger, Bertrand"]
[Result "1/2-1/2"]
[WhiteElo "1920"]
[BlackElo "1998"]
[PlyCount "82"]
[GameId "2160767911703440"]
[EventDate "2000.06.23"]
[EventType "swiss"]
[EventRounds "5"]
[EventCountry "CAN"]

1. d4 e6 2. c4 Nf6 3. Nc3 Bb4 4. e3 O-O 5. Nf3 b6 6. Bd3 Bb7 7. O-O d5 8. cxd5 exd5 9. Qc2 Re8 10. a3 Bf8 11. b4 Nbd7 12. Bd2 a6 13. Rab1 Ne4 14. a4 Ndf6 15. b5 a5 16. Ne2 Rc8 17. Ne5 c5 18. bxc6 Rxe5 19. dxe5 Rxc6 20. Qb2 Ng4 21. Bxe4 dxe4 22. h3 Qh4 23. Nd4 Rg6 24. f3 exf3 25. Nxf3 Bxf3 26. Rxf3 Nh6 27. Qd4 Qh5 28. Rbf1 Re6 29. Bc3 Qg6 30. Kh2 Rxe5 31. Rg3 Rg5 32. Rxg5 Qxg5 33. Qxb6 Nf5 34. Rxf5 Qxf5 35. Qxa5 Qe4 36. Bd4 Bd6+ 37. Kg1 Qb1+ 38. Kf2 Qc2+ 39. Kf3 Qd1+ 40. Kf2 Qc2+ 41. Kf3 Qd1+ 1/2-1/2

[Event "Sherbrooke op"]
[Site "Sherbrooke CAN"]
[Date "2000.06.25"]
[Round "4"]
[White "Arsenault, Michel"]
[Black "Sauve, Richard"]
[Result "1-0"]
[WhiteElo "1903"]
[BlackElo "1928"]
[PlyCount "67"]
[GameId "2160767911703441"]
[EventDate "2000.06.23"]
[EventType "swiss"]
[EventRounds "5"]
[EventCountry "CAN"]

1. c4 Nf6 2. g3 e6 3. Nf3 d5 4. b3 c5 5. Bg2 Nc6 6. O-O Be7 7. e3 O-O 8. Bb2 Qb6 9. Na3 d4 10. exd4 cxd4 11. d3 e5 12. Nc2 Bg4 13. Qd2 Nd7 14. Rab1 a5 15. a3 Nc5 16. b4 axb4 17. Nxb4 Bxf3 18. Bxf3 Nxb4 19. axb4 Ne6 20. c5 Qb5 21. Bd1 Bg5 22. f4 exf4 23. gxf4 Nxf4 24. Rxf4 Bxf4 25. Qxf4 Qxd3 26. Qxd4 Qg6+ 27. Qg4 Qxg4+ 28. Bxg4 Ra2 29. Bf3 Ra7 30. Ra1 Rxa1+ 31. Bxa1 Ra8 32. Be5 Ra4 33. Bxb7 Rxb4 34. c6 1-0

[Event "Sherbrooke op"]
[Site "Sherbrooke CAN"]
[Date "2000.06.25"]
[Round "4"]
[White "Auger, Bertrand"]
[Black "Kovacina, Marko"]
[Result "1/2-1/2"]
[WhiteElo "1998"]
[BlackElo "1844"]
[PlyCount "106"]
[GameId "2160767911703442"]
[EventDate "2000.06.23"]
[EventType "swiss"]
[EventRounds "5"]
[EventCountry "CAN"]

1. Nf3 Nf6 2. g3 g6 3. b4 Bg7 4. Bb2 O-O 5. Bg2 c6 6. c4 d6 7. O-O e5 8. d3 h6 9. Nbd2 Re8 10. e4 Bg4 11. h3 Bxf3 12. Nxf3 Nbd7 13. Qc2 c5 14. a3 Qc7 15. Bc3 Nh7 16. Nh2 Nhf8 17. f4 f6 18. h4 Re7 19. Ng4 Rf7 20. Ne3 Nb6 21. Bh3 Re8 22. Rf2 exf4 23. Rxf4 f5 24. Bxg7 Rxg7 25. Nd5 Nxd5 26. cxd5 fxe4 27. dxe4 g5 28. hxg5 hxg5 29. Rf6 g4 30. Bg2 Nd7 31. Rf5 c4 32. Rff1 b5 33. a4 a6 34. axb5 axb5 35. Ra6 Nb8 36. Ra5 Qb7 37. Rf6 Nd7 38. Rxd6 Ne5 39. Qe2 Qf7 40. Raa6 Nf3+ 41. Bxf3 Qxf3 42. Qf2 Qxe4 43. Re6 Qb1+ 44. Qf1 Qxf1+ 45. Kxf1 Rxe6 46. Rxe6 Rg5 47. d6 Rd5 48. Rg6+ Kf7 49. Rxg4 Rxd6 50. Rg5 Rb6 51. Ke2 Kf6 52. Rc5 Re6+ 53. Kf3 Re5 1/2-1/2

[Event "Sherbrooke op"]
[Site "Sherbrooke CAN"]
[Date "2000.06.25"]
[Round "4"]
[White "Gozzi, Carlo"]
[Black "Larochelle, Martial"]
[Result "1-0"]
[WhiteElo "1848"]
[BlackElo "2197"]
[PlyCount "59"]
[GameId "2160767911703444"]
[EventDate "2000.06.23"]
[EventType "swiss"]
[EventRounds "5"]
[EventCountry "CAN"]

1. e4 c5 2. Nf3 d6 3. d4 cxd4 4. Nxd4 Nf6 5. Nc3 a6 6. f4 e5 7. Nf3 Nbd7 8. a4 Be7 9. Bd3 O-O 10. O-O Qc7 11. f5 b6 12. Qe1 Bb7 13. Qg3 Rfe8 14. Bh6 Bf8 15. Rae1 Rac8 16. Bg5 Qc5+ 17. Kh1 Qb4 18. Bc1 Rxc3 19. bxc3 Qxa4 20. c4 Qc6 21. Bg5 Kh8 22. Qh4 b5 23. cxb5 axb5 24. Bxf6 Nxf6 25. Rb1 Rc8 26. Rxb5 Be7 27. Rfb1 Rc7 28. Qe1 h6 29. Qa5 Nd7 30. Rxb7 1-0

[Event "Sherbrooke op"]
[Site "Sherbrooke CAN"]
[Date "2000.06.25"]
[Round "4"]
[White "Larochelle, Martial"]
[Black "Sauve, Richard"]
[Result "1-0"]
[WhiteElo "2197"]
[BlackElo "1928"]
[PlyCount "113"]
[GameId "2160767911703445"]
[EventDate "2000.06.23"]
[EventType "swiss"]
[EventRounds "5"]
[EventCountry "CAN"]

1. c4 Nf6 2. g3 e6 3. Bg2 d5 4. Nf3 Be7 5. O-O O-O 6. b3 c5 7. e3 Nc6 8. Bb2 d4 9. exd4 cxd4 10. Re1 Bd6 11. a3 e5 12. b4 Bg4 13. d3 Qd7 14. b5 Nd8 15. Qe2 Re8 16. Nbd2 Rc8 17. Qf1 b6 18. h3 Bf5 19. a4 Qc7 20. Ba3 Bxa3 21. Rxa3 Qc5 22. Rb3 Nd7 23. a5 f6 24. Ra1 Nf7 25. Qb1 Qf8 26. Nh4 Be6 27. Rba3 Nc5 28. Nb3 e4 29. Nxc5 Qxc5 30. Bxe4 Ng5 31. Bg2 Nxh3+ 32. Kf1 Bg4 33. Bxh3 Bxh3+ 34. Kg1 Qh5 35. axb6 axb6 36. Ra7 g5 37. Ng2 Qf3 38. Qf1 Re2 39. R7a2 Rce8 40. Kh2 Bc8 41. Rxe2 Rxe2 42. Ra8 Qxa8 43. Qxe2 Bf5 44. Ne1 Qf8 45. Qf3 Qc5 46. Nc2 Kg7 47. Nxd4 Qxd4 48. Qxf5 h5 49. c5 bxc5 50. b6 h4 51. b7 hxg3+ 52. Kg2 Qb2 53. Qd7+ Kh6 54. Kxg3 Qe5+ 55. Kg2 Qf4 56. Qh3+ Kg7 57. Qg3 1-0

[Event "Sherbrooke op"]
[Site "Sherbrooke CAN"]
[Date "2000.06.25"]
[Round "4"]
[White "Marineau, Remi"]
[Black "Maltais, Christian"]
[Result "0-1"]
[WhiteElo "2024"]
[BlackElo "1914"]
[PlyCount "56"]
[GameId "2160767911703446"]
[EventDate "2000.06.23"]
[EventType "swiss"]
[EventRounds "5"]
[EventCountry "CAN"]

1. e4 c5 2. d4 cxd4 3. Nf3 d6 4. Nxd4 Nf6 5. Nc3 a6 6. Bg5 e6 7. f4 Be7 8. Qf3 Nbd7 9. O-O-O Qc7 10. g4 b5 11. Bxf6 Nxf6 12. g5 Nd7 13. f5 Nc5 14. f6 gxf6 15. gxf6 Bf8 16. Rg1 h5 17. Bh3 Bd7 18. e5 d5 19. Nxd5 exd5 20. Nf5 Be6 21. Ng7+ Bxg7 22. fxg7 Rg8 23. Qxh5 O-O-O 24. Rg2 Kb8 25. Bxe6 fxe6 26. Kb1 Rxg7 27. Rf2 Ne4 28. Rf3 Nd2+ 0-1

[Event "Sherbrooke op"]
[Site "Sherbrooke CAN"]
[Date "2000.06.25"]
[Round "5"]
[White "Grenier, Jean-Pierre"]
[Black "Michaud, Pierre"]
[Result "1/2-1/2"]
[WhiteElo "1347"]
[BlackElo "1308"]
[PlyCount "129"]
[GameId "2160767911703448"]
[EventDate "2000.06.23"]
[EventType "swiss"]
[EventRounds "5"]
[EventCountry "CAN"]

1. d4 Nf6 2. Nf3 c5 3. d5 d6 4. Nc3 g6 5. e4 a6 6. a4 Bg7 7. Be2 Nbd7 8. O-O O-O 9. Rb1 b6 10. Na2 Qc7 11. c4 Nxe4 12. Bd3 Nef6 13. Re1 Ne5 14. Nxe5 dxe5 15. f3 Bd7 16. Nc3 Ne8 17. b3 f5 18. Bc2 Nd6 19. Bg5 Rae8 20. Qd2 f4 21. Be4 Nxe4 22. Nxe4 Bf5 23. d6 exd6 24. Qxd6 Qxd6 25. Nxd6 Bxb1 26. Nxe8 Bc2 27. Nxg7 Kxg7 28. Rxe5 Bxb3 29. Re6 Bxc4 30. Rxb6 Rf5 31. Rb7+ Kg8 32. Rb8+ Kf7 33. Rb7+ Ke6 34. Bh6 Rf7 35. Rxf7 Kxf7 36. a5 Ke6 37. Bxf4 Bb5 38. Kf2 c4 39. Bd2 Kd5 40. Bc3 Bd7 41. Ke3 h5 42. Kf4 Bf5 43. Kg5 Ke6 44. Kf4 Kd5 45. g4 hxg4 46. fxg4 Bd3 47. Kg5 Kc5 48. Kf6 Kb5 49. Ke5 Bb1 50. h4 Bc2 51. h5 gxh5 52. gxh5 Bd3 53. h6 Bh7 54. Bd2 Kc5 55. Kf6 Kd4 56. Kg7 Bd3 57. h7 Bxh7 58. Kxh7 c3 59. Bc1 Kc4 60. Kg6 Kb5 61. Kf5 Kxa5 62. Ke4 Kb4 63. Kd3 a5 64. Kc2 a4 65. Bh6 1/2-1/2

[Event "Sherbrooke op"]
[Site "Sherbrooke CAN"]
[Date "2000.06.25"]
[Round "5"]
[White "Lopez, Jose"]
[Black "Alain, Christian"]
[Result "1-0"]
[WhiteElo "1497"]
[BlackElo "1553"]
[PlyCount "41"]
[GameId "2160767911703449"]
[EventDate "2000.06.23"]
[EventType "swiss"]
[EventRounds "5"]
[EventCountry "CAN"]

1. e4 e6 2. d4 d5 3. Nd2 dxe4 4. Nxe4 Nd7 5. Nf3 Be7 6. Bb5 c6 7. Ba4 Ngf6 8. Nxf6+ Nxf6 9. O-O O-O 10. Re1 b5 11. Bb3 Bb7 12. Ng5 Nd5 13. Qh5 Bxg5 14. Bxg5 Nf6 15. Qh4 Kh8 16. c3 h6 17. Bc2 Kg8 18. Bxh6 Ne8 19. Bg5 f6 20. Bg6 Rf7 21. Rxe6 1-0

[Event "Sherbrooke op"]
[Site "Sherbrooke CAN"]
[Date "2000.06.25"]
[Round "5"]
[White "Marineau, Remi"]
[Black "Masse, Hugues"]
[Result "1/2-1/2"]
[WhiteElo "2021"]
[BlackElo "1946"]
[PlyCount "75"]
[GameId "2160767911703450"]
[EventDate "2000.06.23"]
[EventType "swiss"]
[EventRounds "5"]
[EventCountry "CAN"]

1. e4 c5 2. Nc3 e6 3. Nf3 d5 4. exd5 exd5 5. d4 c4 6. Ne5 Bb4 7. Qf3 Be6 8. Qg3 Bf8 9. Be2 Nf6 10. O-O Nc6 11. Be3 Ne7 12. b3 Nf5 13. Qf3 Bb4 14. Nb5 a6 15. bxc4 axb5 16. cxd5 Qxd5 17. Qxd5 Nxd5 18. Bxb5+ Kf8 19. Rab1 Bd6 20. Bd7 Ra7 21. Bxe6 fxe6 22. g4 Bxe5 23. gxf5 Bf6 24. c4 Nxe3 25. fxe3 Ke7 26. fxe6 Kxe6 27. Rb6+ Kd7 28. Rfb1 Kc7 29. c5 Bg5 30. R1b3 Re8 31. Kf2 Rxa2+ 32. Kf3 Ra7 33. d5 Bh6 34. d6+ Kc8 35. Rd3 Kd7 36. Rdb3 Kc8 37. Rd3 Kd7 38. Rdb3 1/2-1/2

[Event "Southern Alberta op"]
[Site "Calgary CAN"]
[Date "2000.11.17"]
[Round "1"]
[White "Ottosen, David"]
[Black "Titley, Brian"]
[Result "1-0"]
[WhiteElo "2100"]
[BlackElo "1820"]
[PlyCount "63"]
[GameId "2160767911635682"]
[EventDate "2000.11.17"]
[EventType "swiss"]
[EventRounds "5"]
[EventCountry "CAN"]

1. e4 e6 2. d4 d5 3. Nc3 Bb4 4. e5 c5 5. a3 Bxc3+ 6. bxc3 Qc7 7. Qg4 Ne7 8. Qxg7 Rg8 9. Qxh7 cxd4 10. Ne2 dxc3 11. f4 Nbc6 12. Qd3 Bd7 13. Be3 Nf5 14. Bf2 O-O-O 15. h3 Rh8 16. g4 Nh4 17. Nd4 Nxd4 18. Bxd4 a6 19. Rb1 Qc4 20. Kf2 Ng6 21. Qe3 Qa4 22. Qxc3+ Kb8 23. Qc5 Bc6 24. Rb4 Qxa3 25. Rxb7+ Bxb7 26. Qxa3 Nxf4 27. Bxa6 Rd7 28. Bxb7 Rxb7 29. Qd6+ Kc8 30. Ra1 Nxh3+ 31. Kg3 Rb8 32. Bb6 1-0

[Event "Southern Alberta op"]
[Site "Calgary CAN"]
[Date "2000.11.18"]
[Round "2"]
[White "Day, Jonathan"]
[Black "Ottosen, David"]
[Result "0-1"]
[WhiteElo "1850"]
[BlackElo "2100"]
[PlyCount "78"]
[GameId "2160767911635683"]
[EventDate "2000.11.17"]
[EventType "swiss"]
[EventRounds "5"]
[EventCountry "CAN"]

1. Nf3 e6 2. d4 d5 3. c4 c6 4. Nc3 dxc4 5. a4 Bb4 6. Qc2 b5 7. g3 Bb7 8. Bg2 a6 9. O-O Nd7 10. e4 Ne7 11. Be3 O-O 12. h4 Nf6 13. Bh3 c5 14. Ng5 cxd4 15. Bxd4 Qxd4 16. Rad1 Qe5 17. f4 Qc5+ 18. Kh2 g6 19. e5 Nh5 20. g4 Nxf4 21. Rxf4 Qxe5 22. Kg3 Bd6 23. Rxd6 Qxd6 24. Bf1 Nd5 25. Nxd5 Bxd5 26. Qd2 f5 27. Bg2 fxg4 28. Nxe6 Rf5 29. Qd4 Qxe6 30. Rxf5 Bxg2 31. Re5 Qf7 32. Qxg4 Bc6 33. h5 Rf8 34. Qe6 Re8 35. Qxf7+ Kxf7 36. hxg6+ hxg6 37. Rxe8 Kxe8 38. Kf4 b4 39. a5 g5+ 0-1

[Event "Southern Alberta op"]
[Site "Calgary CAN"]
[Date "2000.11.18"]
[Round "3"]
[White "Ottosen, David"]
[Black "Huber, Gregory"]
[Result "1/2-1/2"]
[WhiteElo "2100"]
[BlackElo "2320"]
[PlyCount "63"]
[GameId "2160767911635684"]
[EventDate "2000.11.17"]
[EventType "swiss"]
[EventRounds "5"]
[EventCountry "CAN"]

1. e4 d6 2. d4 g6 3. c4 Bg7 4. f3 Nf6 5. Be3 O-O 6. Nc3 Na6 7. Qd2 c5 8. d5 Nc7 9. h4 h5 10. Bh6 a6 11. Bxg7 Kxg7 12. Bd3 Rb8 13. Nge2 b5 14. O-O-O bxc4 15. Bxc4 Nb5 16. g4 Qa5 17. Bxb5 axb5 18. gxh5 Nxh5 19. Nf4 Rh8 20. Rdg1 b4 21. Nxh5+ Rxh5 22. Ne2 Qxa2 23. Nf4 Rh6 24. h5 Ba6 25. Qc2 Rbh8 26. Rh2 Qc4 27. Rhg2 Qxc2+ 28. Kxc2 Kf6 29. hxg6 fxg6 30. Rxg6+ Rxg6 31. Rxg6+ Kf7 32. Rg2 1/2-1/2

[Event "Southern Alberta op"]
[Site "Calgary CAN"]
[Date "2000.11.19"]
[Round "4"]
[White "Gardner, Robert"]
[Black "Ottosen, David"]
[Result "1-0"]
[WhiteElo "2300"]
[BlackElo "2100"]
[PlyCount "73"]
[GameId "2160767911635685"]
[EventDate "2000.11.17"]
[EventType "swiss"]
[EventRounds "5"]
[EventCountry "CAN"]

1. f4 g6 2. Nf3 Bg7 3. e4 c5 4. Bc4 Nc6 5. O-O e6 6. Nc3 Nge7 7. e5 d5 8. exd6 Nf5 9. b3 Nxd6 10. Bb2 b5 11. Bd3 O-O 12. Qc1 Rb8 13. Ne4 Nxe4 14. Bxg7 Kxg7 15. Bxe4 Nd4 16. Qb2 Bb7 17. Rae1 Qf6 18. Nxd4 Qxd4+ 19. Qxd4+ cxd4 20. Bd3 Rfc8 21. Re5 Bd5 22. g4 h6 23. Re2 Rc5 24. f5 exf5 25. gxf5 Rb7 26. Rf4 gxf5 27. Re5 Rbc7 28. b4 Rc4 29. Rxd5 Rxb4 30. Rfxd4 Rb1+ 31. Kf2 Ra1 32. Rxb5 Rxa2 33. Rxf5 a5 34. Rdf4 a4 35. Rxf7+ Rxf7 36. Rxf7+ Kg8 37. Ra7 1-0

[Event "Southern Alberta op"]
[Site "Calgary CAN"]
[Date "2000.11.19"]
[Round "5"]
[White "Milne, Arthur"]
[Black "Ottosen, David"]
[Result "0-1"]
[WhiteElo "1900"]
[BlackElo "2100"]
[PlyCount "40"]
[GameId "2160767911635686"]
[EventDate "2000.11.17"]
[EventType "swiss"]
[EventRounds "5"]
[EventCountry "CAN"]

1. c4 b6 2. e4 Bb7 3. Nc3 e6 4. a3 d5 5. cxd5 exd5 6. exd5 Bxd5 7. Nxd5 Qxd5 8. Be2 Bc5 9. Bf3 Qe6+ 10. Ne2 Nc6 11. d4 O-O-O 12. O-O Nxd4 13. Nxd4 Rxd4 14. Qc2 Qc4 15. Qf5+ Kb8 16. Be3 Ne7 17. Qe5 f6 18. Qg3 Nf5 19. Qh3 Nxe3 20. fxe3 Rh4 0-1

[Event "Southern Alberta op"]
[Site "Calgary CAN"]
[Date "2000.11.19"]
[Round "5"]
[White "Pivovarov, Juraj"]
[Black "Smith, Mike"]
[Result "0-1"]
[WhiteElo "1848"]
[BlackElo "1582"]
[PlyCount "64"]
[GameId "2160767911635687"]
[EventDate "2000.11.17"]
[EventType "swiss"]
[EventRounds "5"]
[EventCountry "CAN"]

1. c4 Nf6 2. g3 g6 3. Bg2 Bg7 4. Nc3 c6 5. e4 O-O 6. d4 d6 7. Nf3 Bg4 8. h3 Bxf3 9. Bxf3 Nbd7 10. g4 c5 11. Be3 b6 12. g5 Ne8 13. h4 Nc7 14. Qd2 Rb8 15. a4 Ne6 16. Ne2 Qc8 17. Bg4 cxd4 18. Nxd4 Bxd4 19. Bxd4 Qxc4 20. Bxe6 Qxe6 21. f3 d5 22. Kf2 dxe4 23. Rae1 Nc5 24. Bxc5 bxc5 25. Rxe4 Qd6 26. Qc3 Rb7 27. h5 Rfb8 28. Re2 Rb3 29. Rd2 Rxc3 30. Rxd6 Rxb2+ 31. Kg3 exd6 32. Re1 Rb8 0-1

[Event "Spring Frost"]
[Site "Ottawa CAN"]
[Date "2000.02.24"]
[Round "1"]
[White "Devenport, Martin"]
[Black "Pacey, Kevin"]
[Result "0-1"]
[WhiteElo "2260"]
[BlackElo "2315"]
[PlyCount "52"]
[GameId "2160767911733078"]
[EventDate "2000.02.24"]
[EventType "swiss"]
[EventRounds "5"]
[EventCountry "CAN"]

1. e4 d6 2. d4 Nf6 3. f3 Nc6 4. c4 e5 5. d5 Nd4 6. Be3 c5 7. dxc6 bxc6 8. Bxd4 exd4 9. Qxd4 Rb8 10. Nd2 Qa5 11. Ne2 Be7 12. Qc3 Qb6 13. Nb3 O-O 14. Ned4 d5 15. c5 Qc7 16. Bd3 dxe4 17. fxe4 Ng4 18. Nf3 Qf4 19. Qd2 Ne3 20. Qf2 Rd8 21. Nfd4 Rxb3 22. axb3 Rxd4 23. Qxf4 Nxg2+ 24. Kf2 Nxf4 25. Ke3 Rxd3+ 26. Kxf4 g5+ 0-1

[Event "Spring Frost"]
[Site "Ottawa CAN"]
[Date "2000.03.02"]
[Round "2"]
[White "Pacey, Kevin"]
[Black "Saleh, Maher"]
[Result "0-1"]
[WhiteElo "2320"]
[BlackElo "2322"]
[PlyCount "144"]
[GameId "2160767911733079"]
[EventDate "2000.02.24"]
[EventType "swiss"]
[EventRounds "5"]
[EventCountry "CAN"]

1. d4 Nf6 2. c4 g6 3. Nc3 d5 4. Nf3 Bg7 5. e3 O-O 6. Be2 c5 7. O-O cxd4 8. exd4 Nc6 9. Bg5 dxc4 10. Bxc4 Na5 11. Bb3 Bg4 12. d5 Rc8 13. h3 Bxf3 14. Qxf3 Nxb3 15. axb3 Qb6 16. d6 Qxd6 17. Rxa7 b6 18. Re1 Rfe8 19. Bxf6 exf6 20. Rd1 Qb4 21. Qd5 Re6 22. Rd4 Qf8 23. Qd7 f5 24. Rd3 Re1+ 25. Kh2 Be5+ 26. g3 f4 27. gxf4 Bxf4+ 28. Kg2 Bg5 29. Rf3 Re7 30. Qa4 Qd8 31. Rxe7 Bxe7 32. Qf4 f5 33. Qe5 Qd6 34. Qd5+ Qxd5 35. Nxd5 Bd8 36. Rd3 Kf7 37. b4 Rc6 38. Nc3 Ke8 39. Kf3 Bg5 40. b5 Re6 41. Rd1 Be7 42. Ra1 Bc5 43. Ra8+ Kf7 44. Nd5 Rd6 45. Ra7+ Kf8 46. Ne3 h5 47. Rb7 Rd4 48. b3 Rb4 49. Nd5 Rxb5 50. b4 Bxb4 51. Nc7 Re5 52. Rxb6 Ba5 53. Rb8+ Kf7 54. Rb7 Re7 55. Nb5 Rxb7 56. Nd6+ Ke7 57. Nxb7 Bb6 58. Kf4 Kf6 59. Kg3 Ke6 60. Kf4 Bxf2 61. Nd8+ Kf6 62. Nc6 g5+ 63. Kf3 Bc5 64. Na5 g4+ 65. Kg3 Kg5 66. Nc4 f4+ 67. Kh2 f3 68. Nd2 Kf4 69. Nf1 Bf2 70. Kh1 g3 71. h4 g2+ 72. Kh2 g1=Q+ 0-1

[Event "Spring Frost"]
[Site "Ottawa CAN"]
[Date "2000.03.09"]
[Round "3"]
[White "Djerkovic, Miladin"]
[Black "Pacey, Kevin"]
[Result "1/2-1/2"]
[WhiteElo "2300"]
[BlackElo "2320"]
[PlyCount "56"]
[GameId "2160767911733080"]
[EventDate "2000.02.24"]
[EventType "swiss"]
[EventRounds "5"]
[EventCountry "CAN"]

1. e4 e6 2. d4 d5 3. Nc3 Bb4 4. e5 c5 5. Qg4 Ne7 6. dxc5 Nbc6 7. Bd2 Nf5 8. Nf3 h5 9. Qf4 Bxc5 10. Bd3 Nce7 11. O-O Bd7 12. Nh4 d4 13. Nxf5 dxc3 14. Nxg7+ Kf8 15. Qf6 cxd2 16. Nxe6+ Bxe6 17. Qxh8+ Ng8 18. Qxh5 Qd4 19. Qe2 Qxb2 20. Qxd2 Qxe5 21. Rae1 Qf6 22. a4 Rd8 23. Qe2 Bd4 24. Bc4 Bd7 25. Bb5 Bf5 26. Bd3 Be6 27. Bc4 Bd7 28. Bb5 Bf5 1/2-1/2

[Event "Spring Frost"]
[Site "Ottawa CAN"]
[Date "2000.03.16"]
[Round "4"]
[White "Ferguson, Jim"]
[Black "Pacey, Kevin"]
[Result "0-1"]
[WhiteElo "2231"]
[BlackElo "2315"]
[PlyCount "50"]
[GameId "2160767911733081"]
[EventDate "2000.02.24"]
[EventType "swiss"]
[EventRounds "5"]
[EventCountry "CAN"]

1. e4 e6 2. d4 d5 3. Nc3 Bb4 4. e5 c5 5. Qg4 Ne7 6. dxc5 Nbc6 7. Bd2 Nf5 8. Nf3 Bxc5 9. Bd3 h5 10. Qf4 Nce7 11. Nh4 d4 12. Nxf5 exf5 13. Na4 Ng6 14. Qf3 Nxe5 15. Qe2 O-O 16. Nxc5 Nxd3+ 17. Nxd3 Re8 18. Ne5 f6 19. f4 fxe5 20. fxe5 Qh4+ 21. Kf1 Be6 22. Be1 Qf4+ 23. Kg1 Rac8 24. Bg3 Qe4 25. Qxh5 Bd5 0-1

[Event "Spring Frost"]
[Site "Ottawa CAN"]
[Date "2000.03.23"]
[Round "5"]
[White "Pacey, Kevin"]
[Black "Simic, Dusan"]
[Result "1-0"]
[WhiteElo "2315"]
[BlackElo "2290"]
[PlyCount "71"]
[GameId "2160767911733082"]
[EventDate "2000.02.24"]
[EventType "swiss"]
[EventRounds "5"]
[EventCountry "CAN"]

1. e4 e6 2. d4 d5 3. Nc3 Nf6 4. exd5 exd5 5. Bd3 Be7 6. Nge2 Bg4 7. f3 Bh5 8. Ng3 O-O 9. O-O Bg6 10. Nf5 Bb4 11. Ne2 Re8 12. g4 Bxf5 13. Bxf5 g6 14. Bd3 Nbd7 15. Ng3 Bd6 16. g5 Bxg3 17. hxg3 Nh5 18. Kg2 c5 19. g4 Ng7 20. dxc5 Nxc5 21. Bb5 Re7 22. b4 Nce6 23. f4 Rc7 24. Bb2 Rac8 25. Bd3 d4 26. Be4 Qd6 27. Qd2 Rd7 28. Rad1 Ne8 29. f5 Qe5 30. Rde1 Qc7 31. fxe6 fxe6 32. Qf2 Ng7 33. Bxd4 e5 34. Bb2 Ne6 35. Qf6 Rd2+ 36. Kh1 1-0

[Event "Spring op"]
[Site "Victoria CAN"]
[Date "2000.04.14"]
[Round "1"]
[White "Moore, Harry"]
[Black "Stockhausen, Peter"]
[Result "1-0"]
[WhiteElo "2300"]
[BlackElo "1700"]
[PlyCount "47"]
[GameId "2160767911724679"]
[EventDate "2000.04.14"]
[EventType "swiss"]
[EventRounds "5"]
[EventCountry "CAN"]

1. c4 e5 2. Nc3 Nf6 3. g3 Bc5 4. Bg2 O-O 5. e3 c6 6. d4 exd4 7. exd4 Bb6 8. Nge2 d5 9. cxd5 Nxd5 10. O-O Nxc3 11. bxc3 Bg4 12. Qd3 Nd7 13. Bb2 Nf6 14. c4 Be6 15. Nf4 Re8 16. d5 cxd5 17. cxd5 Bd7 18. d6 Bc6 19. Bxc6 bxc6 20. Rad1 Nd7 21. Nh5 Ne5 22. Qf5 Ng6 23. Nxg7 Re2 24. Bf6 1-0

[Event "Spring op"]
[Site "Victoria CAN"]
[Date "2000.04.15"]
[Round "2"]
[White "Stockhausen, Peter"]
[Black "Nesbit, Robert"]
[Result "1-0"]
[WhiteElo "1700"]
[BlackElo "1200"]
[PlyCount "25"]
[GameId "2160767911724680"]
[EventDate "2000.04.14"]
[EventType "swiss"]
[EventRounds "5"]
[EventCountry "CAN"]

1. e4 e5 2. f4 Bc5 3. Nf3 d6 4. Bc4 b5 5. Bxb5+ c6 6. Bc4 Nd7 7. d4 exd4 8. Nxd4 Ngf6 9. Nc3 Nxe4 10. Nxe4 Bxd4 11. Nxd6+ Kf8 12. Qxd4 Nb6 13. Be3 1-0

[Event "Spring op"]
[Site "Victoria CAN"]
[Date "2000.04.15"]
[Round "3"]
[White "Chranowski, Rick"]
[Black "Stockhausen, Peter"]
[Result "1/2-1/2"]
[WhiteElo "1950"]
[BlackElo "1700"]
[PlyCount "60"]
[GameId "2160767911724681"]
[EventDate "2000.04.14"]
[EventType "swiss"]
[EventRounds "5"]
[EventCountry "CAN"]

1. Nc3 c6 2. f4 d5 3. e4 d4 4. Nce2 e5 5. fxe5 Bg4 6. Nf3 c5 7. d3 Nc6 8. Bf4 Bxf3 9. gxf3 Qh4+ 10. Bg3 Qh5 11. Nf4 Qg5 12. Nd5 O-O-O 13. Bh3+ Kb8 14. e6+ Bd6 15. f4 Bxf4 16. Nxf4 Ne5 17. exf7 Nf6 18. Ne6 Qe3+ 19. Kf1 Ka8 20. Bxe5 Qxh3+ 21. Ke1 Qxe6 22. Bxf6 Qxf6 23. Rf1 Qh4+ 24. Rf2 Rhf8 25. Qf3 Rd7 26. Qg3 Qxg3 27. hxg3 Rdxf7 28. Rxf7 Rxf7 29. Ke2 Kb8 30. Rh1 g6 1/2-1/2

[Event "Spring op"]
[Site "Victoria CAN"]
[Date "2000.04.16"]
[Round "4"]
[White "Stanford, Mike"]
[Black "Stockhausen, Peter"]
[Result "1-0"]
[WhiteElo "2050"]
[BlackElo "1700"]
[PlyCount "51"]
[GameId "2160767911724682"]
[EventDate "2000.04.14"]
[EventType "swiss"]
[EventRounds "5"]
[EventCountry "CAN"]

1. e4 d5 2. exd5 Qxd5 3. Nc3 Qa5 4. d4 e5 5. Nf3 Bg4 6. dxe5 Nd7 7. h3 Bxf3 8. Qxf3 O-O-O 9. Be2 Nxe5 10. Qg3 Nf6 11. O-O Kb8 12. a3 Ng6 13. Nb5 a6 14. b4 Qb6 15. Be3 Qc6 16. Nd4 Qd7 17. c4 Bd6 18. Qg5 Ne4 19. Qa5 Bf4 20. Bg4 Qd6 21. c5 Qd5 22. Rad1 Nc3 23. Bf3 Nxd1 24. Bxd5 Nxe3 25. Bxb7 Kxb7 26. c6+ 1-0

[Event "Spring op"]
[Site "Victoria CAN"]
[Date "2000.04.16"]
[Round "5"]
[White "Stockhausen, Peter"]
[Black "Hilton, Ward"]
[Result "1-0"]
[WhiteElo "1700"]
[BlackElo "1400"]
[PlyCount "79"]
[GameId "2160767911724683"]
[EventDate "2000.04.14"]
[EventType "swiss"]
[EventRounds "5"]
[EventCountry "CAN"]

1. e4 e5 2. f4 exf4 3. Nf3 d5 4. exd5 Bd6 5. d4 Nf6 6. Bc4 Qe7+ 7. Be2 Nxd5 8. O-O Ne3 9. Bxe3 Qxe3+ 10. Kh1 O-O 11. Nc3 Qe8 12. Bd3 Be6 13. d5 Bg4 14. Bxh7+ Kh8 15. Qd3 Nd7 16. Rae1 Qc8 17. Bf5 Bxf3 18. Qxf3 g6 19. Qh3+ Kg7 20. Bxd7 Qd8 21. Ne4 Rh8 22. Qc3+ f6 23. Bh3 Be5 24. Qc5 Re8 25. Be6 Re7 26. c4 Qf8 27. b3 Rae8 28. Qf2 Qh8 29. Qf3 Qh6 30. Qh3 Rh8 31. Rf3 c5 32. Qxh6+ Rxh6 33. Rh3 f5 34. Rxh6 Kxh6 35. Nxc5 Bd4 36. Nd3 g5 37. Rf1 Be3 38. g3 fxg3 39. hxg3 Kg6 40. Kg2 1-0